Fr. Conceicao Rodrigues College of Engineering

Operations Management (Record no. 32015)

MARC details
000 -LEADER
fixed length control field 00350nam a2200157Ia 4500
082 ## - DEWEY DECIMAL CLASSIFICATION NUMBER
Classification number 658.4035
Item number SAM
100 ## - MAIN ENTRY--PERSONAL NAME
Personal name Samson/Danny
245 ## - TITLE STATEMENT
Title Operations Management
260 ## - PUBLICATION, DISTRIBUTION, ETC.
Name of publisher, distributor, etc. Cambride University press
Date of publication, distribution, etc. 1992
366 ## - TRADE AVAILABILITY INFORMATION
Publishers's discount category 25
300 ## - PHYSICAL DESCRIPTION
Extent 482
546 ## - LANGUAGE NOTE
Language note ENGLISH
-- Info.Tech
654 ## - SUBJECT ADDED ENTRY--FACETED TOPICAL TERMS
Focus term operations management
942 ## - ADDED ENTRY ELEMENTS (KOHA)
Koha item type BOOK
Holdings
Withdrawn status Lost status Damaged status Not for loan Collection Home library Current library Date acquired Source of acquisition Cost, normal purchase price Inventory number Total Checkouts Full call number Barcode Date last seen Cost, replacement price Price effective from Koha item type
        CRC Fr. Agnel's C.Rodrigues College of Engineering Fr. Agnel's C.Rodrigues College of Engineering 17/03/2023 Allied Publishers 446.25 2819 dt 19/02/2013   658.4035 SAM 22553 17/03/2023 595.00   BOOK